Countries that borders with the Pacific Ocean - Statistics

General Stats
  • This quiz has been taken 338 times
  • The average score is 39 of 42
Answer Stats
Answer % Correct
Australia
100%
Chile
99%
China
99%
Japan
99%
New Zealand
99%
United States
99%
Canada
98%
Indonesia
98%
Mexico
98%
Peru
97%
Ecuador
96%
Fiji
96%
Panama
96%
Russia
95%
South Korea
95%
Malaysia
94%
Nicaragua
94%
North Korea
94%
Vietnam
94%
Taiwan
93%
Colombia
92%
Costa Rica
91%
El Salvador
91%
Thailand
91%
Guatemala
90%
Papua New Guinea
90%
Singapore
90%
Tuvalu
90%
Federated States of Micronesia
89%
Marshall Islands
89%
Nauru
89%
Palau
89%
Samoa
89%
Tonga
89%
Kiribati
88%
Timor-Leste
88%
Vanuatu
88%
Cambodia
87%
Honduras
87%
Solomon Islands
87%
Brunei
86%
Philippines
85%
No matching quizzes found
Score Distribution
Percent of People with Each Score
Percentile by Number Answered
Your Score History
You have not taken this quiz